000 004970000a22001690004500
001 768714001
003 CO-MdFUSB
005 20170613162519.0
008 170613s1997 xxu||||| |||| 00| 0 spa d
040 _aCO-MdFUSB
_bspa
_cCO-MdFUSB
_dCO-MdFUSB
041 _aspa
245 1 0 _aOra, alaba y da gracias
300 _aNúmero 8 (1998), Páginas 22-29
_c28 cm.
546 _aTexto en español
773 0 _tBuenas Noticias
_049455
_960507
_gNúmero 8 (1998), Páginas 22-29
_qPágina 22
942 _cANA
999 _c50956
_d50956